| 000 | 00691nam a22001577a 4500 | ||
|---|---|---|---|
| 003 | OSt | ||
| 005 | 20150920082858.0 | ||
| 008 | 150920b xxu||||| |||| 00| 0 eng d | ||
| 040 | _cRUA | ||
| 082 | _aAGR TEK 2008 B037 Or.1 | ||
| 100 |
_9897 _aTEK, CHIVAY. |
||
| 245 | _aeffecte of car of seedling number and age of car 4 rice variety at royal university of agricultur(ឥទ្ធិពលនៃចំនួន និងអាយុសំណាប លើទិន្នផលពូជស្រូវខារ ៤ នៅសាកលវិទ្យាល័យភូមិន្ទកសិកម្ម) | ||
| 260 |
_aPhnom Penh _bRUA _c2008 |
||
| 300 |
_a62p. _bill. _c29cm. |
||
| 942 |
_2ddc _cAGR |
||
| 999 |
_c865 _d865 |
||